Русская поэзия XX века. Антология русской лирики первой четверти XX века (Запись № 6663849)
[ простой вид ]
| 000 -МАРКЕР | |
|---|---|
| контрольное поле | 01342nam0a22002891 4500 |
| 001 - ИДЕНТИФИКАТОР ЗАПИСИ | |
| контрольное поле | rc\63150 |
| 005 - ИДЕНТИФИКАТОР ВЕРСИИ | |
| контрольное поле | 20021216130030.3 |
| 035 ## - ДРУГИЕ СИСТЕМНЫЕ НОМЕРА | |
| Идентификатор записи | (NLR Aleph) 005338105 |
| 100 ## - ДАННЫЕ ОБЩЕЙ ОБРАБОТКИ | |
| Данные общей обработки | 20021216d1991 u |0rusy50 ca |
| 101 0# - ЯЗЫК РЕСУРСА | |
| Язык текста, звукозаписи и т.д. | русский |
| 102 ## - СТРАНА ПУБЛИКАЦИИ ИЛИ ПРОИЗВОДСТВА | |
| Страна публикации | Российская Федерация |
| 105 ## - ПОЛЕ КОДИРОВАННЫХ ДАННЫХ: ТЕКСТОВЫЕ МАТЕРИАЛЫ, МОНОГРАФИЧЕСКИЕ | |
| Кодированные данные о монографическом текстовом документе | y ||||||||| |
| 200 1# - ЗАГЛАВИЕ И СВЕДЕНИЯ ОБ ОТВЕТСТВЕННОСТИ | |
| Основное заглавие | Русская поэзия XX века. Антология русской лирики первой четверти XX века |
| Первые сведения об ответственности | И.С. Ежов, Е.И. Шамурин |
| Последующие сведения об ответственности | С ввод. ст. В. Полянского |
| -- | [Коммент. к разд. "Биобиблиография" И. Винокуровой, Т. Дмитриевой] |
| 205 ## - СВЕДЕНИЯ ОБ ИЗДАНИИ | |
| Сведения об издании | [Факс. изд.] |
| 210 ## - ПУБЛИКАЦИЯ, РАСПРОСТРАНЕНИЕ И ДР. | |
| Место издания, распространения и т.д. | М. |
| Имя издателя, распространителя и т. д. | Амирус |
| -- | ИРЦ "Инфодизайн" |
| Дата издания, распространения и т.д. | 1991 |
| 215 ## - ФИЗИЧЕСКАЯ ХАРАКТЕРИСТИКА | |
| Специфическое обозначение материала и объем | LXVI, 671, [13] с. |
| Размеры | 27 |
| 300 ## - ОБЩИЕ ПРИМЕЧАНИЯ | |
| Текст примечания | На пер. авт. не указаны |
| 300 ## - ОБЩИЕ ПРИМЕЧАНИЯ | |
| Текст примечания | Вых. дан. ориг.: М.: Новая Москва, 1925 |
| 320 ## - ПРИМЕЧАНИЯ О НАЛИЧИИ В ДОКУМЕНТЕ БИБЛИОГРАФИИ / УКАЗАТЕЛЯ | |
| Текст примечания | Указ. поэтов и их произведений и общ. указ. стихотворений: с. 592-667 |
| 700 #1 - ИМЯ ЛИЦА - ПЕРВИЧНАЯ ОТВЕТСТВЕННОСТЬ | |
| Начальный элемент ввода | Ежов |
| Часть имени, кроме начального элемента ввода | И. С. |
| Даты | 1880-1959 |
| Расширение инициалов личного имени | Иван Степанович |
| Идентификатор авторитетной/нормативной записи | RU\NLR\AUTH\770234610 |
| 701 #1 - ИМЯ ЛИЦА - АЛЬТЕРНАТИВНАЯ ОТВЕТСТВЕННОСТЬ | |
| Начальный элемент ввода | Шамурин |
| Часть имени, кроме начального элемента ввода | Е. И. |
| Расширение инициалов личного имени | Евгений Иванович |
| 801 #0 - ИСТОЧНИК ЗАПИСИ | |
| Страна | Российская Федерация |
| Организация | NLR |
| Правила каталогизации | psbo |
| 801 #1 - ИСТОЧНИК ЗАПИСИ | |
| Страна | Российская Федерация |
| Организация | ELAR |
| Источник данных | rusmarc |
| 852 ## - МЕСТОНАХОЖДЕНИЕ И ШИФР ХРАНЕНИЯ | |
| Идентификатор организации | NLR |
| Шифр хранения (Call Number) | 91-7/802 |
| 942 ## - ДОПОЛНИТЕЛЬНЫЕ ЭЛЕМЕНТЫ ЗАПИСИ (АБИС) | |
| Тип экземпляра АБИС | Книга |
| 980 ## - КОЛЛЕКЦИЯ | |
| Название коллекции | Национальная библиография |
| Тип экземпляра | Дата поступления | Библиотека постоянного хранения | Библиотека текущего хранения | Место хранения | Шифр хранения | Штрих-код | Статус экземпляра | Стоимость | Источник поступления |
|---|---|---|---|---|---|---|---|---|---|
| Книга | 26.10.2013 | РНБ (Московский) | РНБ (Московский) | Русский книжный фонд: издания с 1957 года | 91-7/802 | 1-2346452 | |||
| Книга | 15.01.2014 | РНБ (Московский) | РНБ (Московский) | Фонд общего зала литературы по филологии, педагогике и искусству (гуманитарной литературы) | Л1 Ш6(2=Р)/Е-410 | 1-267170 | 46.08 | ||
| Книга | 14.03.2014 | РНБ (Садовая) | РНБ (Садовая) | Фонд научного зала литературы и искусства | Нз Ш6(2=Р)/Е-410 | 1-334323 | Подсобные фонды РНБ |